Дело о приобретении для учебных заведений издания Фриша под заглавием "Ioannis Kepleri astronomi Opera Omnia"

Доступно только в Электронных читальных залах Найти на картеНа карте
RUSMARC
00003750nmc2a22002533x 450
00105626b94-afc5-4aba-81f5-9e45af4ce0a0
00520250623123417.0
100##$a20250115l18581862k l0rusy0189 ca
1010#$arus
$aund
102##$aRU
105##$ay###
1222#$ad
2001#$aДело о приобретении для учебных заведений издания Фриша под заглавием "Ioannis Kepleri astronomi Opera Omnia"
$j9 июня 1858 г. - 28 февраля 1862 г.
215##$a78 л.
$d36,5х26 см
251##$cДело
300##$aНа русском и иностранном языках
300##$aНа обложке указано: "№96"
371##$aДокумент не является опубликованным и широко распространяемым
461#0$10012b5b8419-5ce4-4d16-a7a3-85720a295f1f
$12001
$aКанцелярия министра народного просвещения
$1251
$cФонд
$1852
$j735
462#0$1001e5828e33-5c3d-47b3-8ecf-3a6cb46adc06
$12001
$aКанцелярия министра народного просвещения
$1251
$cОпись
$1852
$j5
801#0$aRU
$bРГИА
$c20250115
$gRCR
801#1$aRU
$bГлавНИВЦ
$c20250115
$2rusmarc
801#2$aRU
$bПБ им. Б.Н. Ельцина
$c20250623
$gRCR
$2rusmarc
850##$aРГИА
852##$aРГИА
$eФедеральное казенное учреждение "Российский государственный исторический архив" (РГИА)
$j151
937##$hРГИА
$d12422711
$aASBIBLIO_SCAN
035##$aRusGRCC00083362
856##$uhttp://readingroom.main.prlib.ru/item.aspx?id_node=n196880201&mode=full
Формат отображения